can you write all ABC in 15sec?? By:Max - Statistics

General Stats
  • This quiz has been taken 222 times
  • The average score is 23 of 26
Answer Stats
Hint Answer % Correct
a a
99%
e e
97%
d d
94%
b b
93%
c c
93%
f f
93%
h h
92%
g g
91%
i i
91%
j j
91%
k k
91%
l l
90%
n n
90%
o o
90%
p p
89%
q q
89%
m m
88%
r r
86%
t t
86%
w w
86%
u u
85%
s s
84%
v v
81%
y y
78%
x x
76%
z z
75%
No matching quizzes found
Score Distribution
Percent of People with Each Score
Percentile by Number Answered
Your Score History
You have not taken this quiz